Normal view
MARC view
Entry Personal Name
001 - CONTROL NUMBER
- control field: 17536
003 - CONTROL NUMBER IDENTIFIER
- control field: dpl
005 - DATE AND TIME OF LATEST TRANSACTION
- control field: 20100830151256.0
008 - FIXED-LENGTH DATA ELEMENTS
- fixed length control field: 100830|||a|||||| | ||| d
040 ## - CATALOGING SOURCE
- Original cataloging agency: dpl
- Transcribing agency: dpl
100 ## - HEADING--PERSONAL NAME
- Personal name: Ray, Juthika
670 ## - SOURCE DATA FOUND
- Source citation: Work cat.: (dpl): Mein to prem deewani-meera bhajan /
670 ## - SOURCE DATA FOUND
- Source citation: Work cat.: (dpl): Mein to prem deewani-meera bhajan /
